000 00329nam a22001337a 4500
005 20250901165819.0
008 250408b |||||||| |||| 00| 0 eng d
020 _a9966498508
050 _aPL 8704.K85 1999
245 _aBANDITS OF KIBI
_cKULET OLE
260 _aNAIROBI
_bLONGHORN PUBLISHERS
_c1999
300 _a247
942 _2lcc
999 _c9556
_d9556